VBA developer's handbook / (Registro nro. 2735)
[ vista simple ]
| 000 -CABECERA | |
|---|---|
| Campo de control | 00795cam a22002534a 4500 |
| 005 - FECHA Y HORA DE LA ULTIMA TRANSACCION | |
| Campo de control | 20160419083311.0 |
| 008 - ELEMENTOS DE LONGITUD FIJA—INFORMACION GENERAL | |
| Campo de control | 010404t2000 caua fr 001 0 eng |
| 020 ## - ISBN | |
| ISBN | 0782129781 |
| 040 ## - FUENTE DE CATALOGACIÓN | |
| Agencia catalogadora original | DLC |
| Agencia transcriptora | DLC |
| Agencia Modificadora | DLC |
| 041 0# - IDIOMA | |
| Código de idioma para texto/pista de sonido o título separado | Inglés |
| 042 ## - AUTHENTICATION CODE | |
| Authentication code | pcc |
| 044 ## - PAÍS DE PUBLICACIÓN | |
| País de publicación | Estados Unidos |
| 082 04 - NUMERO DE CLASIFICACION DECIMAL DEWEY | |
| Número de clasificación | 005.133 |
| Número del ítem | G39v |
| 100 1# - ASIENTO PRINCIPAL--NOMBRE PERSONAL | |
| Nombre personal | Getz, Ken. |
| 9 (RLIN) | 17347 |
| 245 10 - MENCION DE TITULO | |
| Título | VBA developer's handbook / |
| Mención de responsabilidad | Ken Getz, Mike Gilbert. |
| 250 ## - MENCION DE EDICION | |
| Mención de edición | Segunda edición |
| 260 ## - PUBLICACION, DISTRIBUCION, ETC. (PIE DE IMPRENTA) | |
| Lugar de publicación, distribución, etc. | San Francisco : |
| Nombre del editor, distribuidor, etc. | Sybex, |
| Fecha de publicación, distribución, etc. | c2000. |
| 300 ## - DESCRIPCION FISICA | |
| Extensión | xxx, 1073 páginas : |
| Otros detalles físicos | ilustraciones ; |
| Dimensiones | 23 x 19 centímetros + |
| Material acompañante | 1 CD-ROM (4 3/4 in.) |
| 500 ## - NOTA GENERAL | |
| Nota general | Incluye índices. |
| 630 14 - ASIENTO SECUNDARIO DE MATERIA - TITULO UNIFORME | |
| Uniform title | Microsoft Visual Basic para aplicaciones. |
| 9 (RLIN) | 65144 |
| 650 #0 - ASIENTO SECUNDARIO DE MATERIA - TERMINO TEMATICO | |
| Término temático o nombre geográfico como elemento de entrada | Aplicación informática |
| Subdivisión general | Desarrollo. |
| 9 (RLIN) | 65789 |
| 700 1# - ASIENTO SECUNDARIO - NOMBRE PERSONAL | |
| Nombre personal | Gilbert, Mike. |
| Término de relación | autor |
| 9 (RLIN) | 17349 |
| 942 ## - ELEMENTOS ADICIONALES (KOHA) | |
| Sistema de clasificación | Dewey Decimal Classification |
| Tipo de ítem | Libro |
| Withdrawn status | Lost status | Sistema de Clasificación | Damaged status | No para préstamo | Colección | Ubicación Permanente | Ubicación actual | Fecha de adquisición | Fuente de Valor | Total Checkouts | Número topográfico | Inventario / Código de Barras | Date last seen | Ejemplar | Price effective from | Forma de adquisición | Tipo de material | Public note |
|---|---|---|---|---|---|---|---|---|---|---|---|---|---|---|---|---|---|---|
| Dewey Decimal Classification | TIC | Villa de Leyva | Villa de Leyva | 14/06/2002 | Varón, Andrés | LB-005.133 G39v | 005487 | 04/12/2012 | Ej. 1 | 04/12/2012 | Compra | Libro | Incluye CD-ROM (CID-005488). |